Risk management in port operations, logistics and supply-chain security / (Record no. 3079)

000 -LEADER
fixed length control field 01542cam a2200385Ii 4500
008 - FIXED-LENGTH DATA ELEMENTS--GENERAL INFORMATION
fixed length control field 180706s2014 enka ob 001 0 eng d
020 ## - INTERNATIONAL STANDARD BOOK NUMBER
International Standard Book Number 9781315850504
Qualifying information (e-book : PDF)
020 ## - INTERNATIONAL STANDARD BOOK NUMBER
International Standard Book Number 9781317912873
Qualifying information (e-book: Mobi)
020 ## - INTERNATIONAL STANDARD BOOK NUMBER
International Standard Book Number 9781317912880
Qualifying information (e-book: ePub)
020 ## - INTERNATIONAL STANDARD BOOK NUMBER
International Standard Book Number 9781317912897
Qualifying information (e-book: PDF)
020 ## - INTERNATIONAL STANDARD BOOK NUMBER
Qualifying information (hardback)
040 ## - CATALOGING SOURCE
Original cataloging agency IMU Kochi Library
Language of cataloging eng
041 0# - LANGUAGE CODE
Language code of text/sound track or separate title eng
082 04 - DEWEY DECIMAL CLASSIFICATION NUMBER
Classification number 387.1
Item number B583
100 1# - MAIN ENTRY--PERSONAL NAME
Personal name Bichou, Khalid.,
245 10 - TITLE STATEMENT
Title Risk management in port operations, logistics and supply-chain security /
300 ## - PHYSICAL DESCRIPTION
Extent 1 online resource (xxxiii, 377 pages)
490 1# - SERIES STATEMENT
Series statement Lloyd's practical shipping guides
500 ## - GENERAL NOTE
General note First published 2007 by Informa Law.
505 0# - FORMATTED CONTENTS NOTE
Formatted contents note pt. 1. Background -- pt. 2. Systems for enhancing port security and operational efficiency -- pt. 3. Frameworks for managing the security of global trading and supply-chain systems -- pt. 4. Models for analysing security risks and policy implications.
650 #0 - SUBJECT ADDED ENTRY--TOPICAL TERM
Topical term or geographic name as entry element Harbors
General subdivision Management.
650 #0 - SUBJECT ADDED ENTRY--TOPICAL TERM
Topical term or geographic name as entry element Risk management.
650 #0 - SUBJECT ADDED ENTRY--TOPICAL TERM
Topical term or geographic name as entry element Business logistics.
650 #0 - SUBJECT ADDED ENTRY--TOPICAL TERM
Topical term or geographic name as entry element Shipping.
700 1# - ADDED ENTRY--PERSONAL NAME
Personal name Bell, Michael G. H.
700 1# - ADDED ENTRY--PERSONAL NAME
Personal name Evans, Andrew.
830 #0 - SERIES ADDED ENTRY--UNIFORM TITLE
Uniform title Lloyd's practical shipping guides.
856 40 - ELECTRONIC LOCATION AND ACCESS
Uniform Resource Identifier <a href="https://www.taylorfrancis.com/books/9781315850504">https://www.taylorfrancis.com/books/9781315850504</a>
Public note Click here to view.
904 ## - LOCAL DATA ELEMENT D, LDD (RLIN)
CATALOGER Rudra Ranjan
905 ## - LOCAL DATA ELEMENT E, LDE (RLIN)
VERIFIER Rudra Ranjan
942 ## - ADDED ENTRY ELEMENTS (KOHA)
Item type E-Book
264 #1 -
-- Oxon [England] :
-- Routledge,
-- 2014.

No items available.



Copyright © All Rights Reserved by Indian Maritime University, Kochi Campus.
For any Suggestions/Query Contact to library or Email: library.kochi@imu.ac.in Ph:(0484)-2989402
(Web OPAC Designed by Rudra Ranjan. Maintained by IMU Kochi Library)

Powered by Koha